000 00873nam a22002057a 4500
999 _c58390
_d58390
005 20220114113747.0
008 220114s1985 enk||||| |||| 00| 0 eng d
020 _a9780070367043
041 _aeng
080 _a821.111(092) L-41
100 _aLawrence, Karen
_913375
245 _aThe McGraw-Hill Guide to English Literature
_bVolume 1. Beowulf to Jane Austen
_cKaren Lawrence, Seifter Betsy, Ratner Lois.
264 _aNew Year :
_bMcGraw-Hill Publishing Company,
_c1985.
300 _a499 p.
_b21 cm.
653 _aMcGraw-Hill ინგლისური ლიტერატურის გზამკვლევი
653 _aПутеводитель Макгроу-Хилла по английской литературе
700 _aSeifter, Betsy
_eავტორი
_913377
700 _aRatner, Lois
_eავტორი
_913378
942 _2udc
_cBK